[Event "Malta ol (Women)"]
[Site "La Valetta"]
[Date "1980.??.??"]
[Round "?"]
[White "Dragasevic Georgieva, Antonina"]
[Black "Gaprindashvili, Nona"]
[Result "1/2-1/2"]
[WhiteElo "2140"]
[BlackElo "2375"]

1.e4 d6 2.d4 Nf6 3.Nc3 g6 4.Nf3 Bg7 5.Be2 O-O 6.h3 c6 7.O-O Nbd7 8.e5 dxe5
9.dxe5 Nd5 10.Nxd5 cxd5 11.Qxd5 Nxe5 12.Qxd8 Rxd8 13.Nxe5 Bxe5 14.c3 Be6
15.Re1 Bd5 16.Bg5 f6 17.Be3 Kf7 18.f4 Bc7 19.Kf2 h5 20.Bf3 Bxf3 21.Kxf3 Rd3
22.Rad1 Rad8 23.Rxd3 Rxd3 24.Ke2 Rd5 25.c4 Ra5 26.a3 Ra6 27.Rd1 Ke6 28.Kf3 Rc6
29.c5 b6 30.b4 bxc5 31.Bxc5 Bd6 32.Bxd6 Rc3+ 33.Ke4 exd6 34.Rd3 Rc4+ 35.Kf3 h4
36.Ke3 d5 37.Kf3 Rc2 38.Re3+ Kf5 39.Rd3 d4 40.Rxd4 Rc3+ 41.Kf2 Rxa3 42.Rc4 Rb3
43.Ke2 Ke6 44.f5+ Kxf5 45.Rxh4 g5 46.Rc4 Ke5 47.h4 gxh4 48.Rxh4 f5 49.Rc4 f4
50.Rc7 Ra3 51.Re7+ Kf5 52.Rf7+ Ke5 53.Re7+  1/2-1/2

[Event "Malta ol (Women)"]
[Site "La Valetta"]
[Date "1980.??.??"]
[Round "?"]
[White "Baumstark, Gertrude"]
[Black "Gaprindashvili, Nona"]
[Result "0-1"]
[WhiteElo "2145"]
[BlackElo "2375"]

1.e4 c5 2.Nf3 d6 3.d4 cxd4 4.Nxd4 Nf6 5.Nc3 a6 6.Be2 e5 7.Nb3 Be7 8.O-O O-O
9.Bg5 Be6 10.f4 exf4 11.Bxf4 Nc6 12.Kh1 Rc8 13.Qe1 Ne8 14.Rd1 Bh4 15.Qd2 Bf6
16.Rf3 Ne5 17.Rg3 Ng6 18.Bg5 Bxg5 19.Rxg5 Nf6 20.Bf3 Ne5 21.Nd4 Qe7 22.Rg3 Kh8
23.Nf5 Bxf5 24.exf5 Nxf3 25.Rxf3 Rfe8 26.h3 d5 27.Nxd5 Nxd5 28.Qxd5 Rcd8  0-1

[Event "Rostov"]
[Site "Rostov"]
[Date "1980.??.??"]
[Round "?"]
[White "Gaprindashvili, Nona"]
[Black "Semenova, Lidia K"]
[Result "1/2-1/2"]
[WhiteElo "2375"]
[BlackElo "2235"]

1.c4 e5 2.Nc3 Nf6 3.Nf3 Nc6 4.e3 d6 5.d3 g6 6.Be2 Bg7 7.O-O O-O 8.a3 h6 9.Rb1 a5
10.b4 axb4 11.axb4 Ne7 12.Bd2 Nh7 13.Qb3 c6 14.b5 Kh8 15.bxc6 bxc6 16.Na4 Be6
17.Qc2 f5 18.c5 d5 19.d4 e4 20.Ne5 Ra7 21.f4 exf3 22.Nxf3 Nf6 23.Nb6 Ne4
24.Bb4 f4 25.exf4 Rxf4 26.Qd3 Kh7 27.Ra1 Rxa1 28.Rxa1 Nf5 29.Ra7 Ng5 30.Bd2 Nxf3+
31.Bxf3 Rxd4 32.Qe2 Qf8 33.Qxe6 Qxc5 34.Be3 Qxb6 35.Ra8 Rd1+ 36.Bxd1 Qxe3+
37.Qxe3 Nxe3 38.Ba4 c5 39.Kf2 Ng4+ 40.Kg3 h5 41.h3  1/2-1/2

[Event "Rostov"]
[Site "Rostov"]
[Date "1980.??.??"]
[Round "?"]
[White "Gaprindashvili, Nona"]
[Black "Chekhova Kostina, Tatiana M"]
[Result "1-0"]
[WhiteElo "2375"]
[BlackElo "2165"]

1.e4 c5 2.Nf3 e6 3.d4 cxd4 4.Nxd4 Nf6 5.Nc3 Nc6 6.Ndb5 d6 7.Bf4 Ne5 8.Qd4 a6
9.Nxd6+ Bxd6 10.Rd1 Bc7 11.Qxd8+ Bxd8 12.Bxe5 b5 13.f3 Bb7 14.a4 b4 15.Na2 Be7
16.Bd6 Rc8 17.Nxb4 a5 18.Bb5+ Kf8 19.Bxe7+ Kxe7 20.Nd3 Rxc2 21.Rd2 Rhc8 22.Ke2 Ne8
23.b4 axb4 24.Rb1 Nd6 25.Rxb4 f6 26.Rb2 R2c3 27.Nb4 g5 28.Rd4 g4 29.Rbd2 gxf3+
30.gxf3 Rd8 31.a5 e5 32.Nd5+ Bxd5 33.Rxd5 Nxb5 34.Rxd8 Nd4+ 35.R8xd4 exd4
36.Ra2 Re3+ 37.Kf2 Rb3 38.a6 Rb8 39.Ke2 Ke6 40.a7 Ra8 41.Kd3 f5 42.Ra6+ Ke5
43.Ra5+ Ke6 44.e5  1-0

[Event "Rostov"]
[Site "Rostov"]
[Date "1980.??.??"]
[Round "?"]
[White "Saunina, Ludmila"]
[Black "Gaprindashvili, Nona"]
[Result "1-0"]
[WhiteElo "2130"]
[BlackElo "2375"]

1.e4 c5 2.Nf3 d6 3.d4 cxd4 4.Qxd4 a6 5.Bg5 Nf6 6.Nc3 e6 7.e5 Nc6 8.Qa4 h6
9.Bh4 dxe5 10.Nxe5 Bd7 11.Nxd7 Qxd7 12.Rd1 Qc7 13.Bxf6 gxf6 14.Be2 Qa5 15.Qxa5 Nxa5
16.Ne4 Rc8 17.c3 f5 18.Nf6+ Ke7 19.Nh5 Rg8 20.O-O Nc4 21.Bxc4 Rxc4 22.f4 Rg4
23.g3 Rg6 24.Rd3 Ke8 25.Rfd1 Bc5+ 26.Kg2 Bb6 27.Kf3 Rc8 28.h3 Rd8 29.g4 Rxd3+
30.Rxd3 fxg4+ 31.hxg4 Ke7 32.Ng3 Bc7 33.c4 Rg8 34.a4 b6 35.Rd1 Rc8 36.b3 Bd6
37.Ne4 Bb4 38.Rh1 Rd8 39.Ke2 f5 40.gxf5 exf5 41.Ng3 Rd2+ 42.Ke3 Rb2 43.Nxf5+ Kd7
44.Nd4 Bc5 45.Ke4 Bxd4 46.Kxd4 Rxb3 47.Rxh6 Rb1 48.f5 Ke7 49.Re6+ Kf7 50.a5 b5
51.Rxa6 bxc4 52.Kxc4 Rf1 53.Rd6 Rxf5 54.Rd5 Rf1 55.Re5 Kf6 56.Re3 Ra1 57.Kb4 Kg7
58.Ra3 Rb1+ 59.Rb3 Rf1 60.a6 Rf4+  1-0

[Event "Candidats (Women) sf1"]
[Site "Tbilisi"]
[Date "1980.??.??"]
[Round "1"]
[White "Ioseliani, Nana"]
[Black "Gaprindashvili, Nona"]
[Result "1/2-1/2"]
[WhiteElo "2310"]
[BlackElo "2375"]

1.e4 e5 2.Nf3 Nc6 3.Nc3 Nf6 4.g3 Bb4 5.Bg2 d6 6.d3 Bg4 7.h3 Bh5 8.O-O h6
9.Nd5 Nxd5 10.exd5 Ne7 11.c3 Bc5 12.g4 Bg6 13.d4 exd4 14.Nxd4 O-O 15.Be3 Qd7
16.Qd2 Rae8 17.Rae1 Nc8 18.b4 Bxd4 19.Qxd4 Qb5 20.Rd1 Nb6 21.Rfe1 Qa4 22.Rd2 Re7
23.Rde2 Ree8 24.a3 Qb5 25.Rd2 Qc4 26.Bf1 Qb3 27.f3 Re5 28.c4 Rfe8 29.Kf2 Qxa3
30.Qb2 Qxb2 31.Rxb2 Na4 32.Rb3 Bc2 33.Ra3 Nb2 34.Be2 a6 35.Bd2 R5e7 36.Rc3 Rxe2+
37.Rxe2 Nd1+ 38.Ke1 Rxe2+ 39.Kxe2 Nxc3+ 40.Bxc3 Bb3 41.Kd3 f6 42.Kd4 Kf7
43.Be1 Bd1 44.Ke3 b6 45.h4 g6 46.Bc3 h5 47.gxh5 gxh5 48.Be1 Kg6 49.Bg3 Kf5
50.c5 bxc5 51.bxc5 dxc5 52.Bxc7 c4 53.f4  1/2-1/2

[Event "Candidats (Women) qf4"]
[Site "Tbilisi"]
[Date "1980.??.??"]
[Round "1"]
[White "Gaprindashvili, Nona"]
[Black "Gurieli, Nino"]
[Result "1-0"]
[WhiteElo "2375"]
[BlackElo "2255"]

1.d4 f5 2.g3 Nf6 3.Bg2 g6 4.Nf3 Bg7 5.O-O O-O 6.d5 c6 7.c4 d6 8.Nd4 Qc7 9.Nc3 e5
10.dxe6 Na6 11.Bf4 Nh5 12.Ndb5 Qa5 13.e7 Re8 14.Bxd6 cxb5 15.Qd5+ Kh8 16.Qxb5 Qxb5
17.cxb5 Nc7 18.Bxc7 Rxe7 19.Bd6 Re6 20.Bb4 Nf6 21.Rad1 Re8 22.Rd3 Ne4 23.Nd5 Rb8
24.Nc7 Rg8 25.f3 Ng5 26.b3 Ne6 27.Rc1 Nxc7 28.Rxc7 Re8 29.f4 h5 30.Kf2 a5
31.Bxa5 Ra8 32.Bc3 Bxc3 33.Rdxc3  1-0

[Event "Candidats (Women) qf4"]
[Site "Tbilisi"]
[Date "1980.??.??"]
[Round "2"]
[White "Gurieli, Nino"]
[Black "Gaprindashvili, Nona"]
[Result "0-1"]
[WhiteElo "2255"]
[BlackElo "2375"]

1.d4 Nf6 2.c4 c5 3.d5 b5 4.Nf3 g6 5.Qc2 Bg7 6.e4 d6 7.cxb5 O-O 8.Nc3 a6 9.a4 axb5
10.Bxb5 Na6 11.O-O Nb4 12.Qb3 Ba6 13.Bxa6 Rxa6 14.Nd2 Qd7 15.Nc4 e6 16.e5 dxe5
17.d6 Nfd5 18.Be3 Qc6 19.Nb5 e4 20.Rfd1 Nd3 21.Bd2 Raa8 22.Bc3 Rad8 23.Bxg7 Kxg7
24.Qc2 f6 25.f3 N5f4 26.fxe4 Qxe4 27.Re1 Qd5 28.Re3 e5 29.Rd1 e4 30.g3 Nh3+
31.Kg2 Qf5 32.Rf1 Qg4 33.Qe2 Nhf4+  0-1

[Event "Candidats (Women) sf1"]
[Site "Tbilisi"]
[Date "1980.??.??"]
[Round "2"]
[White "Gaprindashvili, Nona"]
[Black "Ioseliani, Nana"]
[Result "1-0"]
[WhiteElo "2375"]
[BlackElo "2310"]

1.d4 Nf6 2.c4 e6 3.Nf3 b6 4.a3 Bb7 5.Nc3 Be7 6.d5 exd5 7.cxd5 O-O 8.g3 Re8
9.Bg2 Bf8 10.O-O c6 11.Ng5 h6 12.Nh3 cxd5 13.Nf4 Nc6 14.Nfxd5 Bc5 15.Nxf6+ Qxf6
16.Nd5 Qe5 17.Nc3 Qh5 18.e3 Qg6 19.b4 Bd6 20.Bb2 Be5 21.Rb1 Rac8 22.Be4 Qf6
23.Nd5 Qd6 24.Bg2 Bxb2 25.Rxb2 Ne5 26.Ne7+ Qxe7 27.Bxb7 Rc7 28.Bd5 Rec8 29.Qa4 Qf6
30.Rd2 Nf3+ 31.Bxf3 Qxf3 32.Rxd7 Rc1 33.Rdd1 R1c2 34.Rd8+ Rxd8 35.Qxc2 Qd5
36.Rc1 a5 37.Qc6 Qd2 38.Qc3 Qe2 39.Re1 Qa2 40.bxa5 bxa5 41.Qxa5 Rd2 42.Qa8+ Kh7
43.Qf3 Rd6 44.Qe4+ g6 45.Qe7 Ra6 46.Rc1 Ra5 47.Rc5 Rxc5 48.Qxc5 Qb1+ 49.Kg2 Qe4+
50.Kf1 Qh1+ 51.Ke2 Qxh2 52.Qd5 Kg7 53.a4 Qg1 54.a5 Qb1 55.a6 Qb2+ 56.Qd2 Qb5+
57.Qd3 Qb2+ 58.Kf3 Qf6+ 59.Kg2 Qc6+ 60.Kh2 h5 61.a7 Qa8 62.Qc3+ Kh7 63.Qc7 Qe4
64.Qf4  1-0

[Event "Candidats (Women) sf1"]
[Site "Tbilisi"]
[Date "1980.??.??"]
[Round "3"]
[White "Ioseliani, Nana"]
[Black "Gaprindashvili, Nona"]
[Result "1/2-1/2"]
[WhiteElo "2310"]
[BlackElo "2375"]

1.e4 e5 2.Nf3 Nc6 3.Bb5 Nf6 4.O-O Nxe4 5.d4 Be7 6.Re1 Nd6 7.Bxc6 dxc6 8.dxe5 Nf5
9.Qxd8+ Bxd8 10.Nc3 Be6 11.b3 Be7 12.Ne2 Bd5 13.Nd2 O-O-O 14.c3 Rhe8 15.Nf4 f6
16.Nxd5 cxd5 17.Nf3 fxe5 18.Rxe5 Nh4 19.Nxh4 Bxh4 20.Rxe8 Rxe8 21.Be3 Bf6
22.Bd2 Re2 23.Rd1 d4 24.Kf1 Re4 25.cxd4 Rxd4 26.Ke2 Kd7 27.g3 c5 28.Rc1  1/2-1/2

[Event "Candidats (Women) qf4"]
[Site "Tbilisi"]
[Date "1980.??.??"]
[Round "4"]
[White "Gurieli, Nino"]
[Black "Gaprindashvili, Nona"]
[Result "1-0"]
[WhiteElo "2255"]
[BlackElo "2375"]

1.d4 d5 2.c4 e6 3.Nc3 Nf6 4.Nf3 Bb4 5.a3 Bxc3+ 6.bxc3 dxc4 7.Qa4+ Nc6 8.Bg5 Qd5
9.Bxf6 gxf6 10.g3 Bd7 11.Qc2 f5 12.Bg2 Na5 13.O-O Bc6 14.Nh4 Qd7 15.Bxc6 Qxc6
16.d5 Qxd5 17.Rad1 Qe4 18.Qd2 Nc6 19.Qd7+ Kf8 20.Nf3 h6 21.Qxc7 Kg7 22.Rd7 Rhf8
23.Qxb7 Rab8 24.Qc7 Rb1 25.Rxb1 Qxb1+ 26.Kg2 Qe4 27.Rd6 Nb8 28.Qxa7 Rc8 29.Rb6 Nc6
30.Qb7  1-0

[Event "Candidats (Women) sf1"]
[Site "Tbilisi"]
[Date "1980.??.??"]
[Round "4"]
[White "Gaprindashvili, Nona"]
[Black "Ioseliani, Nana"]
[Result "1/2-1/2"]
[WhiteElo "2375"]
[BlackElo "2310"]

1.d4 Nf6 2.c4 e6 3.Nf3 b6 4.a3 Be7 5.Nc3 d5 6.cxd5 exd5 7.g3 O-O 8.Bg2 Bb7
9.O-O c5 10.Bf4 Nc6 11.dxc5 bxc5 12.Ne5 Nd4 13.b4 Ne6 14.bxc5 Bxc5 15.Nd3 Bd4
16.Rb1 Ba6 17.Nb5 Bxb5 18.Rxb5 Ne4 19.Rb3 Qa5 20.Nb4 Rac8 21.e3 Nc3 22.Qc2 Bf6
23.Qf5 Nxf4 24.gxf4 Qa4 25.Qc2 a5 26.Rxc3 Qd7 27.Nxd5 Bxc3 28.Nxc3 Qc7 29.Rc1 Qc4
30.Qb2 Rb8 31.Qd2 Qb3 32.Ra1 Rfd8 33.Nd5 a4 34.Qd1 Qxd1+ 35.Rxd1 Kf8 36.Bf3 Rb3
37.Ra1 Rc8 38.Nb4 Rcc3 39.Nd5 Rxa3 40.Rb1 Rc8 41.Nb6 Rd8 42.Bd1 Rd6 43.Nc4 Rg6+
44.Kf1 Rc3 45.Rb8+ Ke7 46.Rb7+ Kf8 47.Ne5 Ra6 48.Be2 Ra5 49.Rb8+ Ke7 50.Rb7+ Kf8
51.Rb8+ Ke7 52.Rb7+ Kf8  1/2-1/2

[Event "Candidats (Women) qf4"]
[Site "Tbilisi"]
[Date "1980.??.??"]
[Round "5"]
[White "Gaprindashvili, Nona"]
[Black "Gurieli, Nino"]
[Result "1/2-1/2"]
[WhiteElo "2375"]
[BlackElo "2255"]

1.d4 d6 2.c4 e5 3.Nc3 exd4 4.Qxd4 Nd7 5.Nf3 Ngf6 6.b3 Be7 7.Bb2 c6 8.e3 O-O
9.Be2 Qb6 10.O-O Nc5 11.Rad1 Re8 12.Ba1 Bf8 13.Qf4 Nce4 14.Ng5 Nxg5 15.Qxg5 Qc5
16.Qxc5 dxc5 17.Rd2 Bf5 18.Rfd1 g6 19.h3 h5 20.Bd3 Be6 21.Na4 Nd7 22.Be2 Nb6
23.Nc3 f5 24.Bf3 Bg7 25.Ne2 Bxa1 26.Rxa1 Rad8 27.Rad1 Rxd2 28.Rxd2 Nd7 29.Nf4 Ne5
30.Be2 Kf7 31.f3 h4 32.Kf2 Kf6 33.Rd6 Nf7 34.Rxe6+ Rxe6 35.Nxe6 Kxe6 36.f4 Nd6
37.Bd3 b5 38.g3 hxg3+ 39.Kxg3 a5 40.a4 bxa4 41.bxa4 Kf6  1/2-1/2

[Event "Candidats (Women) sf1"]
[Site "Tbilisi"]
[Date "1980.??.??"]
[Round "5"]
[White "Ioseliani, Nana"]
[Black "Gaprindashvili, Nona"]
[Result "1/2-1/2"]
[WhiteElo "2310"]
[BlackElo "2375"]

1.e4 e5 2.Nf3 Nc6 3.Bb5 Nf6 4.O-O Nxe4 5.d4 Be7 6.Qe2 d5 7.Nxe5 Bd7 8.Bxc6 Bxc6
9.Re1 Bd7 10.f3 Nd6 11.Nxd7 Qxd7 12.Qe5 c6 13.Bf4 Kf8 14.Nd2 Rd8 15.c3 f6
16.Qe6 Qxe6 17.Rxe6 Kf7 18.Rae1 Rhe8 19.a4 Bf8 20.Rxe8  1/2-1/2

[Event "Candidats (Women) qf4"]
[Site "Tbilisi"]
[Date "1980.??.??"]
[Round "6"]
[White "Gurieli, Nino"]
[Black "Gaprindashvili, Nona"]
[Result "0-1"]
[WhiteElo "2255"]
[BlackElo "2375"]

1.d4 d5 2.c4 e6 3.Nc3 Nf6 4.Bg5 c5 5.e3 cxd4 6.exd4 Be7 7.Nf3 O-O 8.Bd3 dxc4
9.Bxc4 Nc6 10.O-O b6 11.a3 Bb7 12.Qd3 Nd5 13.Bxe7 Ncxe7 14.Ne2 Ng6 15.g3 Qf6
16.Nd2 Rad8 17.Ne4 Qf5 18.f3 Nf6 19.N2c3 Kh8 20.Qe3 Nd5 21.Qf2 Nxc3 22.Nxc3 Rd7
23.Rad1 Rfd8 24.f4 Qh3 25.f5 exf5 26.d5 Ne5 27.Bb5 Ng4 28.Qd2 Rd6 29.Rfe1 h6
30.Bf1 Qh5 31.Qg2 Bxd5 32.Nxd5 Rxd5 33.Rxd5 Rxd5 34.Be2 Qg5 35.Qxd5 Qe3+
36.Kh1 Qf2 37.Bxg4 Qxe1+ 38.Kg2 fxg4 39.Qxf7 Qe2+ 40.Kg1 Qe3+ 41.Kg2 Qe4+
42.Kg1 Qb1+ 43.Qf1 Qxb2 44.Qf8+ Kh7 45.Qf5+ g6 46.Qd7+ Qg7 47.Qxg4 Qa1+ 48.Kg2 Qa2+
49.Kh3 Qd5 50.Qb4 Qb7 51.Qb3 h5 52.Qe6 b5 53.Kh4 a5 54.g4 hxg4 55.Kg5 Qg7
56.Kxg4 b4 57.axb4 axb4 58.Qb6 Qd7+ 59.Kh4 Qd2 60.Qb8 Qf2+ 61.Kg5 Qf5+ 62.Kh4 g5+
63.Kh5 Qf7+ 64.Kxg5 Qg8+  0-1

[Event "Candidats (Women) sf1"]
[Site "Tbilisi"]
[Date "1980.??.??"]
[Round "6"]
[White "Gaprindashvili, Nona"]
[Black "Ioseliani, Nana"]
[Result "0-1"]
[WhiteElo "2375"]
[BlackElo "2310"]

1.d4 Nf6 2.c4 e6 3.Nf3 b6 4.a3 Ba6 5.Qc2 d5 6.e3 Be7 7.b4 O-O 8.Nbd2 c5 9.b5 Bb7
10.Bb2 Nbd7 11.Be2 Rc8 12.O-O Bd6 13.Qa4 Bb8 14.Ne5 cxd4 15.exd4 dxc4 16.Ndxc4 Nd5
17.Qb3 Nxe5 18.Nxe5 Qg5 19.Bf3 Rfd8 20.Rac1 Rxc1 21.Rxc1 Bxe5 22.dxe5 Nf4
23.g3 Nd3 24.Rd1 Bxf3 25.Rxd3 Bd5 26.Qd1 h5 27.f3 Rc8 28.Kf2 h4 29.g4 Qf4
30.Kg1 h3 31.Bd4 Rc1  0-1

[Event "Candidats (Women) qf4"]
[Site "Tbilisi"]
[Date "1980.??.??"]
[Round "7"]
[White "Gaprindashvili, Nona"]
[Black "Gurieli, Nino"]
[Result "0-1"]
[WhiteElo "2375"]
[BlackElo "2255"]

1.d4 d6 2.e4 Nf6 3.Nc3 g6 4.g3 Bg7 5.Bg2 O-O 6.Nge2 Nbd7 7.h3 e5 8.O-O exd4
9.Nxd4 Re8 10.Re1 Nc5 11.a4 a5 12.Ndb5 Bd7 13.Bg5 h6 14.Bf4 Bc6 15.e5 Nh5
16.exd6 Rxe1+ 17.Qxe1 Nxf4 18.dxc7 Qg5 19.Bxc6 bxc6 20.Na7 Bd4 21.Kh2 Qf5
22.g4 Qd7 23.c8=Q+ Rxc8 24.Nxc8 Qxc8 25.Rd1 Nce6 26.Ne4 Qb8 27.Qxa5 Nd5+
28.Kg2 Qe5 29.Qa8+ Kg7 30.Ng3 Nef4+ 31.Kf1 Bxf2  0-1

[Event "Candidats (Women) sf1"]
[Site "Tbilisi"]
[Date "1980.??.??"]
[Round "7"]
[White "Ioseliani, Nana"]
[Black "Gaprindashvili, Nona"]
[Result "0-1"]
[WhiteElo "2310"]
[BlackElo "2375"]

1.e4 e5 2.Nf3 Nc6 3.Bb5 a6 4.Ba4 Nf6 5.O-O Be7 6.Re1 b5 7.Bb3 O-O 8.c3 d6
9.d3 Na5 10.Bc2 c5 11.Nbd2 Nc6 12.Nf1 Re8 13.a4 Bb7 14.axb5 axb5 15.Rxa8 Qxa8
16.Bg5 h6 17.Bh4 Qa2 18.Qc1 Nd7 19.Bg3 Nb6 20.Ne3 Bf8 21.Bb1 Qa7 22.Qd2 Qa5
23.Rd1 b4 24.Qc2 Qa4 25.Qd2 b3 26.h3 Na5 27.Qe2 Ba6 28.Nh4 Qxe4 29.Nhf5 Qa4
30.c4 Bc8 31.Qh5 Nc6 32.f4 Nd4 33.fxe5 dxe5 34.Rf1 Qd7 35.Nxh6+ gxh6 36.Ng4 Ne2+
37.Kh2 Nxg3 38.Nf6+ Kg7 39.Kxg3 Qe6 40.Nxe8+ Qxe8 41.Re1 Bd6 42.Kh2 e4+ 43.Kh1  0-1

[Event "Candidats (Women) sf1"]
[Site "Tbilisi"]
[Date "1980.??.??"]
[Round "8"]
[White "Gaprindashvili, Nona"]
[Black "Ioseliani, Nana"]
[Result "1-0"]
[WhiteElo "2375"]
[BlackElo "2310"]

1.d4 Nf6 2.c4 e6 3.Nf3 b6 4.Nc3 Bb4 5.Bg5 Bb7 6.e3 h6 7.Bh4 g5 8.Bg3 Ne4
9.Qc2 Bxc3+ 10.bxc3 d6 11.Bd3 Nxg3 12.hxg3 Nd7 13.a4 a5 14.Be4 Bxe4 15.Qxe4 Nf6
16.Qc6+ Ke7 17.Nd2 Qd7 18.Qb5 Rac8 19.Ke2 Qxb5 20.cxb5 c6 21.bxc6 Rxc6 22.Ra3 Nd5
23.Kd3 Rhc8 24.Nb1 Nf6 25.f3 h5 26.e4 g4 27.Nd2 gxf3 28.gxf3 Rg8 29.Nf1 Rg5
30.Rb3 Rg8 31.Rh4 Rg5 32.Ne3 d5 33.e5 Nd7 34.Nf1 f6 35.f4 Rg7 36.Rxh5 fxe5
37.fxe5 Rc4 38.Ra3 Rc8 39.Rh2 Rf8 40.Ke2 Rgf7 41.Nd2 Rg7 42.Nf1 Rg4 43.Rb3 Rfg8
44.Rh3 Kd8 45.Kf3 Re4 46.Ne3 Kc7 47.Ke2 Rg5 48.Kd2 Rg7 49.Rb1 Nf8 50.Rf1 Nh7
51.Kd3 Ng5 52.Rh6 Kc6 53.Rff6 Kd7 54.Rhg6 Rxg6 55.Rxg6 Nf3 56.Rf6 Ng5 57.Rf8 Kc6
58.Ke2 Nh3 59.Rc8+ Kd7 60.Rh8 Ng5 61.Rh5 Nf7 62.Rh7 Ke8 63.Kd3 Ng5 64.Rb7 Nf3
65.Rxb6 Ne1+ 66.Kd2 Nf3+ 67.Ke2 Ng1+ 68.Kd3  1-0

[Event "Candidats (Women) qf4"]
[Site "Tbilisi"]
[Date "1980.??.??"]
[Round "9"]
[White "Gaprindashvili, Nona"]
[Black "Gurieli, Nino"]
[Result "1-0"]
[WhiteElo "2375"]
[BlackElo "2255"]

1.d4 Nf6 2.c4 g6 3.Nc3 Bg7 4.e4 d6 5.Be2 O-O 6.Bg5 c5 7.d5 b5 8.cxb5 a6 9.a4 h6
10.Bd2 Nbd7 11.Nf3 axb5 12.axb5 Bb7 13.O-O Qc7 14.Qc2 Rfe8 15.Ra3 Nb6 16.Rfa1 e6
17.Rxa8 Bxa8 18.dxe6 Rxe6 19.Bd3 Re8 20.Re1 c4 21.Bf1 Nbd7 22.Qa4 Nb6 23.Qc2 g5
24.Be3 Ng4 25.Bxb6 Qxb6 26.Bxc4 Bd4 27.Nxd4 Qxd4 28.Qe2 Nf6 29.Bd3 d5 30.e5 Ng4
31.Rd1 Qb4 32.Na2 Qb3 33.Qxg4 Qxa2 34.Qf5 Re6 35.Rc1 Rg6 36.Qc8+ Kg7 37.Bxg6  1-0

[Event "Candidats (Women) sf1"]
[Site "Tbilisi"]
[Date "1980.??.??"]
[Round "9"]
[White "Ioseliani, Nana"]
[Black "Gaprindashvili, Nona"]
[Result "1-0"]
[WhiteElo "2310"]
[BlackElo "2375"]

1.e4 e5 2.Nf3 Nc6 3.Bb5 a6 4.Ba4 Nf6 5.O-O Be7 6.Re1 b5 7.Bb3 O-O 8.c3 d6
9.h3 Bb7 10.d4 Re8 11.a4 h6 12.Nbd2 Bf8 13.dxe5 Nxe5 14.Nxe5 Rxe5 15.Bc2 Qe8
16.f3 Rd8 17.Qe2 c5 18.Nf1 d5 19.Bf4 Re7 20.e5 g6 21.Bh2 Bg7 22.Qf2 Nd7 23.f4 d4
24.axb5 axb5 25.Rad1 dxc3 26.bxc3 b4 27.cxb4 cxb4 28.Bg3 Nf8 29.Ba4 Qxa4
30.Rxd8 Qc6 31.Red1 Kh7 32.Ne3 Rd7 33.R8xd7 Nxd7 34.Qd2 Nc5 35.Qxb4 Ne4 36.Be1 h5
37.Nd5 Qc2 38.Ne3 Qe2 39.Qd4 Bh6 40.Qd3 Qa2 41.Qc4 Qxc4 42.Nxc4 Bc6 43.Na5 Ba4
44.Rd4 Bc2 45.g3 h4 46.Nc4 Nxg3 47.Bxg3 hxg3 48.Nd6  1-0

[Event "Candidats (Women) sf1"]
[Site "Tbilisi"]
[Date "1980.??.??"]
[Round "10"]
[White "Gaprindashvili, Nona"]
[Black "Ioseliani, Nana"]
[Result "0-1"]
[WhiteElo "2375"]
[BlackElo "2310"]

1.d4 Nf6 2.c4 e6 3.Nf3 c5 4.g3 cxd4 5.Nxd4 Qa5+ 6.Nc3 Bb4 7.Qd3 Ne4 8.Nb3 Qf5
9.Qe3 Nxc3 10.bxc3 Be7 11.Bg2 d6 12.O-O O-O 13.Ba3 Nd7 14.Qd3 Qh5 15.Bxd6 Bxd6
16.Qxd6 Qxe2 17.c5 Ne5 18.Nd4 Qh5 19.Rfe1 Nc4 20.Qc7 e5 21.Nb3 a5 22.Bd5 Be6
23.Rad1 a4 24.Nc1 Rad8 25.Bf3 Rxd1 26.Bxd1 Qg5 27.Bf3 Qd2 28.Rd1 Qxc3 29.Qxb7 Nd2
30.Be2 h6 31.Qe7 Bd5 32.Qd6 Nf3+ 33.Bxf3 Bxf3 34.Qd3 Qxd3 35.Rxd3 e4 36.Rd4 Rc8
37.Rxa4 Rd8  0-1

[Event "Candidats (Women) sf1"]
[Site "Tbilisi"]
[Date "1980.??.??"]
[Round "11"]
[White "Gaprindashvili, Nona"]
[Black "Ioseliani, Nana"]
[Result "1/2-1/2"]
[WhiteElo "2375"]
[BlackElo "2310"]

1.d4 Nf6 2.c4 e6 3.g3 d5 4.Nf3 Be7 5.Bg2 O-O 6.O-O dxc4 7.Qc2 a6 8.a4 Bd7
9.Rd1 Bc6 10.Nc3 Bb4 11.Na2 Be7 12.Bg5 Nbd7 13.Ne5 Bxg2 14.Kxg2 Nxe5 15.Bxf6 Nd7
16.Bxe7 Qxe7 17.Qxc4 c5 18.dxc5 Qxc5 19.Qe4 Nf6 20.Qxb7 Rab8 21.Qxa6 Ng4
22.Rf1 Rxb2 23.h3 Qd5+ 24.Kg1 Nxf2 25.Rxf2 Rxa2 26.Rxa2 Qxa2 27.Qb5 Rd8 28.Rf1 h6
29.h4 Rd2 30.Rf2 Rd4 31.Qe8+ Kh7 32.Qxf7 Rxa4 33.Kh2 Qd5 34.Rf6 Ra1 35.Qg6+ Kg8
36.Qe8+ Kh7 37.Qg6+ Kg8 38.Qe8+ Kh7 39.Qg6+ Kg8 40.Qe8+ Kh7 41.Qg6+  1/2-1/2

[Event "Candidats (Women) sf1"]
[Site "Tbilisi"]
[Date "1980.??.??"]
[Round "12"]
[White "Ioseliani, Nana"]
[Black "Gaprindashvili, Nona"]
[Result "1/2-1/2"]
[WhiteElo "2310"]
[BlackElo "2375"]

1.e4 e5 2.Nf3 Nc6 3.Nc3 Nf6 4.d4 exd4 5.Nxd4 Bb4 6.Nxc6 bxc6 7.Bd3 d5 8.exd5 cxd5
9.O-O O-O 10.Bg5 c6 11.Qf3 Bd6 12.Rae1 h6 13.Bh4 Rb8 14.Nd1 Rb4 15.Bxf6 Qxf6
16.Qxf6 gxf6 17.b3 Rd8 18.Ne3 Be5 19.Nf5 Bxf5 20.Bxf5  1/2-1/2

[Event "Candidats (Women) sf1"]
[Site "Tbilisi"]
[Date "1980.??.??"]
[Round "13"]
[White "Ioseliani, Nana"]
[Black "Gaprindashvili, Nona"]
[Result "1/2-1/2"]
[WhiteElo "2310"]
[BlackElo "2375"]

1.e4 e5 2.Bc4 Nf6 3.d3 Bc5 4.Nc3 c6 5.Bg5 h6 6.Bh4 b5 7.Bb3 d6 8.Qe2 Nbd7
9.Nd1 Nf8 10.f3 Ng6 11.Bf2 Nf4 12.Qf1 Qa5+ 13.c3 Bxf2+ 14.Kxf2 Qb6+ 15.Ne3 d5
16.g3 Ne6 17.Ne2 O-O 18.Qc1 a5 19.Kg2 Nc5 20.Bc2 dxe4 21.dxe4 Rd8 22.Rd1 Be6
23.b4 axb4 24.cxb4 Na6 25.a3 Rxd1 26.Nxd1 Bc4 27.Ndc3 Rd8 28.Qe1 Nc7 29.Qf2 Qb8
30.Qe3 Ne6 31.Rd1 Rxd1 32.Nxd1 Ne8 33.Bd3 Nd6 34.Nb2 Bxd3 35.Qxd3 Nc8 36.Qd7 Qc7
37.Qxc7 Nxc7 38.Nd3 f6 39.Nc5 Nb6 40.Nc3 Kf7 41.Kf2 Ne6 42.Nb7 Ke7 43.Na5 Kd7
44.Ne2 Na4 45.Nb3 Kd6 46.Ke3 c5 47.bxc5+ Nexc5 48.Nd2 Kc6 49.f4 Nb2 50.Nb1 Nc4+
51.Kf3 Nb3 52.Kg4 Nd4 53.Nec3 g6 54.fxe5 fxe5 55.Nd5 Kd6 56.h4 Ke6 57.Nc7+ Kf7
58.Kh3 Ke7 59.Nd5+ Ke6 60.h5 gxh5 61.Kh4 Nd6 62.Ndc3 Kf6 63.Kxh5 Kg7 64.Nd2 Nc2
65.a4  1/2-1/2

[Event "Candidats (Women) sf1"]
[Site "Tbilisi"]
[Date "1980.??.??"]
[Round "14"]
[White "Gaprindashvili, Nona"]
[Black "Ioseliani, Nana"]
[Result "1/2-1/2"]
[WhiteElo "2375"]
[BlackElo "2310"]

1.Nf3 Nf6 2.c4 e6 3.Nc3 b6 4.e4 Bb7 5.Bd3 c5 6.O-O Nc6 7.e5 Ng4 8.Be4 Qc8
9.d4 cxd4 10.Bxc6 Qxc6 11.Qxd4 h5 12.Nb5 Nh6 13.Qd3 Nf5 14.Bg5 Bc5 15.Rfd1 a6
16.Nc3 h4 17.h3 Nd4 18.Ne1 Rh5 19.Be3 Nf5 20.Bxc5 bxc5 21.Ne2 Rg5 22.f3 f6
23.Qd2 O-O-O 24.a3 Ne7 25.Qd6 Ng6 26.exf6 gxf6 27.Kf2 Rg8 28.Qxc6+ Bxc6 29.b4 Kc7
30.Rd2 Rb8 31.Nd3 cxb4 32.axb4 Ne5 33.Nc5 Rbg8 34.Nf4 Nxc4 35.Rc2 Nb6 36.Nxa6+ Kc8
37.b5 Rxb5 38.Nxe6 Re5 39.Nd4 Reg5 40.Kg1 Kd8 41.Nxc6+ dxc6 42.Nc5 Nd5 43.Ne6+ Kd7
44.Nxg5 fxg5 45.Ra7+ Kd6 46.Kf2 Rg6 47.Re2 Rf6 48.Rg7 Rf5 49.Rg6+ Nf6 50.Re8 Kd7
51.Ra8 Ke6 52.Rag8 Ra5 53.R8g7 Ra2+ 54.Kg1 Ra1+ 55.Kh2 c5 56.Rxg5 Nd5 57.R7g6+ Kf7
58.Rh6 Ne3 59.Rxh4 c4 60.Rf4+ Ke6 61.Re4+ Kf6 62.Rxe3 Kxg5 63.h4+ Kf5 64.Re4 c3
65.g4+ Kf6 66.Rc4 Rc1 67.Kg3 Ke5 68.Re4+ Kd5 69.Kf4 Rh1 70.Re5+ Kd4 71.Re8 Rxh4
72.Rd8+ Kc4 73.Ke4 c2 74.Rc8+ Kb3 75.Kd3 Rh2 76.g5 Rf2 77.f4 Rf3+ 78.Kd2 Rf2+
79.Ke3 Rg2 80.Kd4 Kb2 81.Rb8+ Ka3 82.Ra8+ Kb2 83.Rb8+ Ka2 84.Rc8 Kb2 85.Ke5 Rg3
86.Rxc2+ Kxc2 87.Kf6 Kd3 88.f5 Ke4 89.g6 Rg1 90.g7 Rxg7  1/2-1/2

[Event "Ckhaltubo"]
[Site "Ckhaltubo"]
[Date "1981.??.??"]
[Round "?"]
[White "Gaprindashvili, Nona"]
[Black "Sturua, Zurab"]
[Result "1/2-1/2"]
[WhiteElo "2300"]
[BlackElo "2450"]

1.d4 Nf6 2.c4 e6 3.Nc3 Bb4 4.Nf3 c5 5.g3 cxd4 6.Nxd4 O-O 7.Bg2 d5 8.Qb3 Bxc3+
9.bxc3 e5 10.Nb5 dxc4 11.Qxc4 a6 12.Nc7 b5 13.Qc5 Nbd7 14.Qa3 Qxc7 15.Bxa8 Nb6
16.Bg2 Bb7 17.Bxb7 Qxb7 18.O-O h5 19.c4 Nxc4 20.Qf3 e4 21.Qg2 Re8 22.Rd1 Nd5
23.Bd2 b4 24.Rab1 a5 25.Be1 Na3 26.Rb2 Qc6 27.Qh3 g6 28.Qh4 e3 29.Qg5 exf2+
30.Bxf2 Qf6 31.Qxf6 Nxf6 32.Rbd2 Ne4 33.Rd8 Kf8 34.Rxe8+ Kxe8 35.Rd5 Nc3
36.Re5+ Kd7 37.Rxa5 Nxe2+ 38.Kg2 Nc3 39.Bc5 Nxa2 40.Ra7+ Kc6 41.Bxb4 Nxb4
42.Rxa3 Kd6 43.Kf3 Nd5 44.Ke4 Nf6+ 45.Kf4 Nh7 46.Ra8 Ke6 47.Rh8 g5+ 48.Kf3 Nf6
49.h4 Kf5 50.Rh6 gxh4 51.gxh4 Ke5 52.Rh8 Kf5 53.Rf8 Kg6 54.Kf4 Nd5+ 55.Ke5 Nf6
56.Ra8 Ng4+ 57.Kf4 f6 58.Ra5 Nh6 59.Ke4 Nf7 60.Ra4 Ne5 61.Ra3 Ng4 62.Kd5 Nh6
63.Ke6 Nf5 64.Ra4 Ng7+ 65.Kd5 Kf5 66.Kd6 Kg6 67.Rf4 Nf5+ 68.Kd5 Ng7 69.Ke4 Kf7
70.Rf1 Kg6 71.Rg1+ Kf7 72.Rg3 Ne6 73.Ra3 Ng7  1/2-1/2

[Event "Ckhaltubo"]
[Site "Ckhaltubo"]
[Date "1981.??.??"]
[Round "?"]
[White "Gaprindashvili, Nona"]
[Black "Yermolinsky, Alex"]
[Result "1-0"]
[WhiteElo "2300"]
[BlackElo "2455"]

1.d4 Nf6 2.c4 e6 3.Nf3 Bb4+ 4.Nc3 O-O 5.Bg5 h6 6.Bh4 c5 7.e3 Bxc3+ 8.bxc3 d6
9.Nd2 Nbd7 10.Bd3 Qe7 11.O-O e5 12.Rc1 b6 13.Bb1 Bb7 14.Re1 Rfe8 15.f3 Nf8
16.f4 Ng6 17.Bxf6 Qxf6 18.Be4 Qe7 19.f5 Nf8 20.f6 gxf6 21.Qf3 Rab8 22.Bxb7 Rxb7
23.Ne4 f5 24.Nxd6 Qxd6 25.Qxb7 exd4 26.exd4 Rxe1+ 27.Rxe1 cxd4 28.Qd5 Qa3
29.cxd4 Qxa2 30.Rf1 Qd2 31.Kh1 f4 32.Qe4 Ng6 33.g3 Qb4 34.gxf4 Qxc4 35.Rg1 Kf8
36.Qa8+ Ke7 37.f5 Nh4 38.Re1+ Kf6 39.Qd8+  1-0